Plánové výpočty pro finanční řízení podniků

Plánovanie - jedna z riadiacich funkcií, popri organizovaní, vedení a kontrole, v podniku. Finančné plánovanie umožňuje porovnávať finančné ciele s dosiahnutými výsledkami ako ich zachytáva finančné účtovníctvo. Chápanie plánových výpočtov v širšom (na podporu finančného riadenia) a užšom meradle (g...

Description complète

Enregistré dans:
Détails bibliographiques
Auteur principal: Grünwald, Rolf
Format: Chapitre de livre
Langue:tchèque
Sujets:
Tags: Ajouter un tag
Pas de tags, Soyez le premier à ajouter un tag!

MARC

LEADER 00000naa a2200000 4500
001 r017260
005 20221205103221.1
041 0 |a cze 
044 |a CZ 
245 1 0 |a Plánové výpočty pro finanční řízení podniků  |c Rolf Grünwald 
520 |a Plánovanie - jedna z riadiacich funkcií, popri organizovaní, vedení a kontrole, v podniku. Finančné plánovanie umožňuje porovnávať finančné ciele s dosiahnutými výsledkami ako ich zachytáva finančné účtovníctvo. Chápanie plánových výpočtov v širšom (na podporu finančného riadenia) a užšom meradle (generovanie a usporiadanie informácií o finančných cieľoch a prostriedkoch-výsledovka, rozvaha, peňažné toky atď.). Dlhodobý finančný plán (príklad peňažných tokov, plánová rozvaha). 
610 2 0 |a plánovanie finančné 
610 2 0 |a manažéri 
610 2 0 |a útvary podnikové 
610 2 0 |a účtovníctvo finančné 
610 2 0 |a informácie hospodárske 
610 2 0 |a plán finančný 
610 2 0 |a manažment finančný 
100 1 |a Grünwald, Rolf